Cities in Asia- Sudden Death - Statistics

General Stats
  • This quiz has been taken 102 times
  • The average score is 10 of 18
Answers on the Grid
Answers color-coded by a green-red scale on the quiz's grid according to % correct below.
Copenhagen
Algiers
Bishkek
Cairo
Colombo
Seoul
Sydney
Hong Kong
Dodoma
Almaty
Jakarta
Aukland
Funafuti
Istanbul
Dushanbe
Beijing
Moscow
Yakutsk
Canberra
Dakar
Ottawa
Dhaka
Mumbai
Chennai
Karachi
Tokyo
Ashgabat
Ankara
Baku
Cebu
 
Answer Stats
Answer % Correct
Hong Kong
80%
Jakarta
80%
Seoul
74%
Bishkek
62%
Colombo
62%
Mumbai
61%
Baku
56%
Beijing
56%
Tokyo
56%
Ankara
52%
Almaty
49%
Karachi
49%
Dhaka
48%
Ashgabat
46%
Chennai
39%
Dushanbe
38%
Cebu
34%
Yakutsk
31%
No matching quizzes found
Score Distribution
Percent of People with Each Score
Percentile by Number Answered
Your Score History
You have not taken this quiz